<?xml version="1.0" encoding="UTF-8"?>
<record
    xmlns:xsi="http://www.w3.org/2001/XMLSchema-instance"
    xsi:schemaLocation="http://www.loc.gov/MARC21/slim http://www.loc.gov/standards/marcxml/schema/MARC21slim.xsd"
    xmlns="http://www.loc.gov/MARC21/slim">

  <leader>02805nam a22002657a 4500</leader>
  <controlfield tag="005">20240305165632.0</controlfield>
  <controlfield tag="007">cr||||   |||| </controlfield>
  <controlfield tag="008">220510s2021    es |||||s|||| 00||0 spa d</controlfield>
  <datafield tag="020" ind1=" " ind2=" ">
    <subfield code="a">978-84-123154-9-3</subfield>
  </datafield>
  <datafield tag="035" ind1=" " ind2=" ">
    <subfield code="a">35632</subfield>
  </datafield>
  <datafield tag="040" ind1=" " ind2=" ">
    <subfield code="a">vLex</subfield>
  </datafield>
  <datafield tag="090" ind1=" " ind2=" ">
    <subfield code="c">13312</subfield>
    <subfield code="d">13312</subfield>
  </datafield>
  <datafield tag="100" ind1="1" ind2=" ">
    <subfield code="a">Alapont, Jos&#xE9; Le&#xF3;n</subfield>
  </datafield>
  <datafield tag="245" ind1="1" ind2="0">
    <subfield code="a"> Temas clave de derecho penal presente y futuro de la pol&#xED;tica criminal en Espa&#xF1;a</subfield>
    <subfield code="h">[Recurso electr&#xF3;nico] /</subfield>
    <subfield code="c">Jos&#xE9; Le&#xF3;n Alapont</subfield>
  </datafield>
  <datafield tag="256" ind1=" " ind2=" ">
    <subfield code="a">Servicio en l&#xED;nea</subfield>
  </datafield>
  <datafield tag="260" ind1=" " ind2=" ">
    <subfield code="a">Barcelona:</subfield>
    <subfield code="b">J.M. Bosch Editor,</subfield>
    <subfield code="c">2021</subfield>
  </datafield>
  <datafield tag="300" ind1=" " ind2=" ">
    <subfield code="a">1 recurso electr&#xF3;nico</subfield>
  </datafield>
  <datafield tag="500" ind1=" " ind2=" ">
    <subfield code="a">La presente obra aborda el estudio de aquellos temas m&#xE1;s representativos de Derecho penal que en la actualidad copan el debate sobre el presente y futuro de la pol&#xED;tica criminal en Espa&#xF1;a. En consecuencia, como podr&#xE1; observar el lector, se analizan aquellos aspectos m&#xE1;s controvertidos o que mayor atenci&#xF3;n han suscitado en la doctrina y entre los distintos operadores jur&#xED;dicos, as&#xED; como las diversas propuestas de reforma que hay planteadas en la actualidad o que debieran afrontarse en un futuro. As&#xED; pues, el trabajo que aqu&#xED; se presenta combina el examen t&#xE9;cnico-jur&#xED;dico de determinados extremos con la evaluaci&#xF3;n de la t&#xE9;cnica legislativa empleada y el trasfondo pol&#xED;tico de cada uno de los &#xE1;mbitos que son objeto de estudio. La selecci&#xF3;n efectuada abarca temas de gran inter&#xE9;s y actualidad como: el acoso inmobiliario, los delitos sexuales, los ultrajes a Espa&#xF1;a, el maltrato animal, la financiaci&#xF3;n ilegal de los partidos pol&#xED;ticos, la eutanasia, la prisi&#xF3;n permanente revisable, el delito de sedici&#xF3;n, el delito de coacciones a la huelga, delitos de odio, las insolvencias punibles, los delitos contra la libertad religiosa, la convocatoria y celebraci&#xF3;n de refer&#xE9;ndums y consultas ilegales, medio ambiente, blanqueo de dinero, enaltecimiento del terrorismo, el indulto, la apolog&#xED;a y exaltaci&#xF3;n del franquismo y la trata de seres humanos. As&#xED; pues, se ha pretendido reunir en este libro a reputados penalistas, especialistas cada uno de ellos en el campo que abordan, con la finalidad de resumir las distintas posiciones, debates, propuestas y soluciones que se dan encada uno de los temas propuestos. Siempre desde el m&#xE1;ximo rigor cient&#xED;fico y el m&#xE1;s sano esp&#xED;ritu cr&#xED;tico</subfield>
  </datafield>
  <datafield tag="506" ind1="1" ind2=" ">
    <subfield code="a">Disponible solo en los productos indicados</subfield>
    <subfield code="d">vLex Global</subfield>
    <subfield code="d">vLex Global (Academic Edition, excluding Law Schools)</subfield>
    <subfield code="d">vLex Global (U.S. Academic Edition, Law Schools)</subfield>
    <subfield code="d">vLex Global (U.S. Academic Edition, excluding Law Schools)</subfield>
    <subfield code="d">vLex Global (Academic Edition, Law Schools)</subfield>
  </datafield>
  <datafield tag="650" ind1="0" ind2="4">
    <subfield code="a">Derecho Penal</subfield>
    <subfield code="z">Espa&#xF1;a</subfield>
  </datafield>
  <datafield tag="650" ind1="0" ind2="4">
    <subfield code="a">Procedimiento Penal</subfield>
    <subfield code="z">Espa&#xF1;a</subfield>
  </datafield>
  <datafield tag="740" ind1="0" ind2=" ">
    <subfield code="a">vLex Libros (Servicio en l&#xED;nea)</subfield>
  </datafield>
  <datafield tag="856" ind1="4" ind2="0">
    <subfield code="u">https://app.vlex.com/#/sources/35632</subfield>
  </datafield>
  <datafield tag="942" ind1=" " ind2=" ">
    <subfield code="c">RAA</subfield>
  </datafield>
  <datafield tag="952" ind1=" " ind2=" ">
    <subfield code="0">0</subfield>
    <subfield code="1">0</subfield>
    <subfield code="4">0</subfield>
    <subfield code="7">0</subfield>
    <subfield code="8">VLEX</subfield>
    <subfield code="9">329469</subfield>
    <subfield code="a">BD-UIN</subfield>
    <subfield code="b">BD-UIN</subfield>
    <subfield code="d">2024-03-05</subfield>
    <subfield code="l">0</subfield>
    <subfield code="p">35632</subfield>
    <subfield code="r">2024-03-05</subfield>
    <subfield code="w">2024-03-05</subfield>
    <subfield code="y">RAA</subfield>
  </datafield>
  <datafield tag="999" ind1=" " ind2=" ">
    <subfield code="c">171548</subfield>
    <subfield code="d">171548</subfield>
  </datafield>
</record>
